| 000 | 00690nam a2200253Ia 4500 | ||
|---|---|---|---|
| 008 | 160517s9999 xx 000 0 und d | ||
| 020 | _a978-981-06-9891-1 | ||
| 050 | _aComSc QA 76.9 | ||
| 050 | _b.S88K46 2008 c.1 | ||
| 100 | _aKendall, Kenneth E. | ||
| 245 | _aSystems analysis and design / | ||
| 245 | _cKenneth E. Kendall, Julie E. Kendall | ||
| 250 | _a7th Edition | ||
| 260 | _aSingapore : | ||
| 260 | _bPerson Educ. Asia Pte. Ltd., | ||
| 260 | _c2009 | ||
| 300 | _a774 pages : | ||
| 300 | _bill. ; | ||
| 300 | _c25 cm. | ||
| 500 | _aIncludes index. | ||
| 650 | _aSystem design. | ||
| 650 | _aSystems programming (Computer Science). | ||
| 650 | _xSystem analysis. | ||
| 999 |
_c294115 _d294115 |
||